Síntesis y propiedades de gomas de estructura bien definida /
Guardado en:
| Otros Autores: | |
|---|---|
| Formato: | Manuscrito |
| Idioma: | Spanish |
| Publicado: |
1981.
|
| Materias: | |
| Etiquetas: |
Agregar Etiqueta
Sin Etiquetas, Sea el primero en etiquetar este registro!
|
| LEADER | 00995ntm a22002535a 4500 | ||
|---|---|---|---|
| 001 | EIQ.libpla002627 | ||
| 008 | 070710s1981####ag#a#####bm###000#0#spa#d | ||
| 005 | 20070710174146.0 | ||
| 245 | 1 | 0 | |a Síntesis y propiedades de gomas de estructura bien definida / |c por Enrique Julián Rost. |
| 260 | |c 1981. | ||
| 300 | |a vii, 122 p. : |b il., tablas, figuras ; |c 21 cm. | ||
| 502 | |a Tesis (M.A.)--Universidad Nacional del Sur. Departamento de Ingeniería Química, 1982. | ||
| 500 | |a Director de tesis: Dr. Enrique Marcelo Vallés. | ||
| 504 | |a Incluye referencias bibliográficas. | ||
| 100 | 1 | |a Rost, Enrique Julián. |4 dis | |
| 710 | 2 | |a Universidad Nacional del Sur (UNS). |b Dto. de Ingeniería Química |4 dgg. | |
| 650 | 4 | |a Polímeros |x Tesis. | |
| 650 | 4 | |a Gomas |x Síntesis. | |
| 650 | 4 | |a Gomas |x Propiedades. | |
| 650 | 4 | |a Polymers |x Thesis. | |
| 650 | 4 | |a Rubbers |x Synthesis. | |
| 650 | 4 | |a Rubbers |x Properties. | |
| 040 | |a AR-BbSID |b spa |c AR-BbSID | ||
| 859 | |a AR-BbSID |b BIB. PLAPIQUI |h 547.842 7 |i R 58 |p 3025 | ||
